000 00524nam a22001937a 4500
003 ost
005 20140310182348.0
008 130928t xxu||||| |||| 00| 0 eng d
020 _a0870447017
050 _aQC 1
_b.W629 1988
082 _aGS 500
_bW949 1988
245 _aWhy on Earth?
_cNational Geographic Society
260 _aWashington, D.C :
_bNational Geographic Society,
_c1988.
300 _a96 p.;
_c27 cm.
_bcol. ill. ;
562 _e1
650 _aEarth
_922251
942 _2lcc
_cBK-GS
999 _c12270
_d12270